Epic Rap Battles (April 2014) Quiz Stats

 Plays Quiz not verified by Sporcle

Challenge
Share
Tweet
Embed
Score 0/38 Timer 13:00
0 Plays Today
Hint Answer % Correct
Darth Vader vs.Adolf Hitler
85.7%
Darth Vader vs.Adolf Hitler
85.7%
Steve Jobs vs.Bill Gates
85.7%
Darth VaderAdolf Hitler
85.7%
Ludwig van Beethoven vs.Justin Bieber
78.6%
Leonidas vs.Master Chief
78.6%
Mario Brothers vs.Wright Brothers
78.6%
Moses vs.Santa Claus
78.6%
Wolfgang Amadeus Mozart vs.Skrillex
78.6%
Abraham Lincoln vs.Chuck Norris
71.4%
Gandalf vs. Dumbledore
71.4%
Doctor Who vs.Doc Brown
71.4%
Batman vs. Sherlock Holmes
71.4%
Gandhi vs.Martin Luther King Jr.
71.4%
Joan of Arc vs.Miley Cyrus
71.4%
Dr. Suess vs.William Shakespeare
64.3%
Epic Lloyd vs.Nice Peter
64.3%
Michael Jackson vs.Elvis Presley
64.3%
Cleopatra Marilyn Monroe
64.3%
Hint Answer % Correct
Adam vs.Eve
64.3%
Thomas Edison vs.Nikola Tesla
64.3%
Grigori Rasputin vs.Joseph Stalin
64.3%
Ebenezer Scrooge vs.Donald Trump
64.3%
Sarah Palin vs.Lady Gaga
57.1%
Napoleon Bonaparte vs.Napoleon Dynamite
57.1%
Billy Mays vs. Benjamin Franklin
57.1%
Captain Kirk vs.Christopher Columbus
57.1%
Barack Obama vs.Mitt Romney
57.1%
Blackbeard vs.Al Capone
57.1%
Bob Ross vs.Pablo Picasso
57.1%
Easter Bunny vs.Gengis Khan
50%
Bruce Lee vs.Clint Eastwood
50%
Babe Ruth vs.Lance Armstrong
50%
John Lennon vs.Bill O'Reilly
42.9%
Hulk Hogan and Macho Man vs.Kim Jong-il
42.9%
Frank Sinatra vs.Freddie Mercury
42.9%
Michael Jordan vs.Muhammad Ali
42.9%
Mr. T vs.Mr. Rodgers
35.7%

You're not logged in!

Compare scores with friends on all Sporcle quizzes.
OR
Log In

You Might Also Like...

Show Comments

Extras

Created Apr 18, 2014ReportNominate
Tags:Rap Quiz, 2014, April, battle, epic

Top Quizzes Today


Score Distribution

Your Account Isn't Verified!

In order to create a playlist on Sporcle, you need to verify the email address you used during registration. Go to your Sporcle Settings to finish the process.

Report this User

Report this user for behavior that violates our Community Guidelines.

Details: